000 00257nam a22001217a 4500
003 SGT
082 _bRIO
100 _aRIORDAN, RICK
245 _aJPERCY ACKSON AND THE TITANS CURSE
260 _aNY
_bHB. PUB.
_c2007
300 _a294
942 _2ddc
_cBK
_06
999 _c20265
_d20265